000 02179cam a2200289 4500500
005 20251228050050.0
041 _afre
042 _adc
100 1 0 _ade Launay, Marc
_eauthor
245 0 0 _aL'analyse de Genèse I dans L'Étoile de la Rédemption
260 _c2005.
500 _a43
520 _aDans L’Etoile..., donc avant de devenir avec Buber le traducteur de la nouvelle Bible en allemand, Rosenzweig s’appuie sur une théorie du langage comparable à celle, contemporaine, de Benjamin, et centrée sur l’idée que le sens s’est, depuis l’origine, déposé dans des noms. Ce qui l’entraîne à interpréter Genèse I en s’appuyant sans en être conscient sur la version des LXX, et en passant à côté de la syntaxe et de la sémiotique propres du texte; or le sens n’est pas antérieur à son expression, et Genèse I ne peut donc conforter la conception rosenzweigienne du langage, pas plus, chez Benjamin, l’interprétation qu’il donne de Genèse II.
520 _aIn The Star..., so before he becomes with Buber the translator of the new jewishgerman Bible, Rosenzweig relies on the support of a language theory, comparable to Benjamin’s one, which is contemporary with his, and is focused on the idea that, from the very beginning, the sense is laid in names. That leads Rosenzweig to interpret Genesis I in relying, without being conscious, on the support of LXX version, and to miss the syntax and semiotics peculiar to the text. Therefore the sense is not prior to its expression, so Genesis I cannot confirm Rosenzweig’s language conception, no more than Genesis II Benjamin’s interpretation does support his views of the source of the sense.
690 _aGenèse
690 _aHerméneutique
690 _aSens
690 _aThéorie du langage
690 _aTraduction
690 _aGenesis
690 _aHermeneutic
690 _aSignification
690 _aTheory of language
690 _aTranslation
786 0 _nArchives de philosophie | 68 | 3 | 2005-09-01 | p. 447-464 | 0003-9632
856 4 1 _uhttps://shs.cairn.info/revue-archives-de-philosophie-2005-3-page-447?lang=fr&redirect-ssocas=7080
999 _c1579737
_d1579737